000
00437nam a22001337a 4500
003
SGT
020
_a
9789354735905
082
_a
891.4309
_b
H22T
100
_a
ठेंगड़ी, दंत्तोपंत
245
_a
हिन्दू कला दृष्टि : संस्कार भारती क्यों ?
260
_b
प्रभात पेपरबैक्स
_c
2022
300
_a
120
942
_2
ddc
_c
BK
999
_c
30317
_d
30317